Statistics for Drunk In Love By Beyonce

Click here to take the quiz!

General Stats

  • This quiz has been taken 562 times
  • The average score is 9 of 15

Answer Stats

HintAnswer% Correct
Ive Been ______Drinking
98%
Ive Been ______Drinking
97%
I get filthy when that _____ get into meLiquor
71%
Cigars on ___Ice
68%
Cigars on ___Ice
68%
_____ __ loveDrunk In
65%
Drunk __ ____In love
61%
Feeling an ______Animal
57%
_______ _______Flashing lights
56%
_______ _______Flashing lights
55%
I want you __, __Na Na
52%
With these cameras ___ __ __ _____All in my grill
46%
Baby I want ___ __ __You na na
44%
You got me _____ _____ _____Faded faded faded
35%
Why cant i keep __ _______ ___ __ babyMy fingers off it
32%

Score Distribution

Percentile by Number Answered

Percent of People with Each Score

Your Score History

You have not taken this quiz